ਮੇਰੀ ਧੁੱਪ ਤੇਰੀ ਛਾਂ : (Record no. 110849)

MARC details
000 -LEADER
fixed length control field 01014nam a22002417a 4500
005 - DATE AND TIME OF LATEST TRANSACTION
control field 20170123164158.0
010 ## - LIBRARY OF CONGRESS CONTROL NUMBER
LC control number A-406785
020 ## - INTERNATIONAL STANDARD BOOK NUMBER
Terms of availability 35.00
International Standard Book Number 8171430201
035 ## - SYSTEM CONTROL NUMBER
System control number A-406785
040 ## - CATALOGING SOURCE
Original cataloging agency DPL
Language of cataloging PN
082 ## - DEWEY DECIMAL CLASSIFICATION NUMBER
Classification number
Item number ਪਿਆਰਾ
100 ## - MAIN ENTRY--PERSONAL NAME
Personal name ਪਿਆਰਾ ਸਿੰਘ ਰਮਤਾ
9 (RLIN) 131949
245 ## - TITLE STATEMENT
Title ਮੇਰੀ ਧੁੱਪ ਤੇਰੀ ਛਾਂ :
Statement of responsibility, etc ਪਿਆਰਾ ਸਿੰਘ ਰਮਤਾ
Remainder of title ਕਹਾਣੀਆਂ /
246 ## - VARYING FORM OF TITLE
Title proper/short title Meri dhup teri cha : short stories /
Remainder of title by Santokh Singh
260 ## - PUBLICATION, DISTRIBUTION, ETC. (IMPRINT)
Place of publication, distribution, etc ਅੰਮ੍ਰਿਤਸਰ
Name of publisher, distributor, etc ਰਵੀ ਸਾਹਿਤ ਪ੍ਰਕਾਸ਼ਨ
Date of publication, distribution, etc 1988
270 ## - ADDRESS
Address ਹਾਲ ਬਾਜ਼ਾਰ
City ਅੰਮ੍ਰਿਤਸਰ
300 ## - PHYSICAL DESCRIPTION
Extent 152p.
Dimensions 19cm(Hb)
650 ## - SUBJECT ADDED ENTRY--TOPICAL TERM
Topical term or geographic name as entry element ਪੰਜਾਬੀ ਸਾਹਿਤ- ਲਘੂ ਕਹਾਣੀਆਂ
9 (RLIN) 8034
650 ## - SUBJECT ADDED ENTRY--TOPICAL TERM
Topical term or geographic name as entry element ਪੰਜਾਬੀ ਸਾਹਿਤ
9 (RLIN) 131950
650 ## - SUBJECT ADDED ENTRY--TOPICAL TERM
Topical term or geographic name as entry element Punjabi Literature- Short stories
9 (RLIN) 8035
650 ## - SUBJECT ADDED ENTRY--TOPICAL TERM
Topical term or geographic name as entry element Punjabi Literature
9 (RLIN) 131951
942 ## - ADDED ENTRY ELEMENTS (KOHA)
Source of classification or shelving scheme Dewey Decimal Classification
Koha item type Punjabi Bks
Classification part
Call number suffix ਪਿਆਰਾ
Holdings
Withdrawn status Lost status Damaged status Not for loan Home library Current library Date acquired Source of acquisition Cost, normal purchase price Total Checkouts Full call number Barcode Date last seen Date checked out Copy number Cost, replacement price Price effective from Koha item type
        Central Library Central Library 09/02/2016 Cen Lib/Ret 35.00 2 ਕ ਪਿਆਰਾ A-406785 11/11/2019 11/11/2019 1 35.00 09/02/2016 Punjabi Bks

© Delhi Public Library
Hit Counter
free hit counter